[Event "Reykjavik op"]
[Site "Reykjavik"]
[Date "2024.03.17"]
[Round "4"]
[White "Franco, Gaston Nicolas"]
[Black "Wedenberg, Oliver"]
[Result "1-0"]
[WhiteElo "2021"]
[BlackElo "1780"]
[PlyCount "85"]
[EventDate "2024.03.15"]
[EventType "swiss"]
[EventRounds "9"]
[EventCountry "ISL"]
[SourceTitle "CBM 219 Extra"]
[Source "ChessBase"]
[SourceDate "2024.05.31"]
[SourceVersion "1"]
[SourceVersionDate "2024.05.31"]
[SourceQuality "1"]

1. e4 c5 2. Nf3 Nc6 3. d4 cxd4 4. Nxd4 e5 5. Nb5 d6 6. c4 Be7 7. Be2 f5 8. exf5 Bxf5 9. 0-0 Nf6 10. N1c3 a6 11. Na3 Nd4 12. Bf3 Qd7 13. Bd5 Be6 14. Be3 Bxd5 15. Nxd5 Nxd5 16. cxd5 Nf5 17. Nc4 Qb5 18. b3 0-0 19. Qd2 Nxe3 20. Qxe3 Rf4 21. Qh3 Rf6 22. Rac1 Raf8 23. Ne3 Bd8 24. Rc8 Qa5 25. a4 Qd2 26. Rc2 Qd3 27. Rc8 Qxb3 28. Ng4 Qxd5 29. Nxf6+ Bxf6 30. Rxf8+ Kxf8 31. Qxh7 Qb3 32. Qb1 Qxa4 33. Qxb7 Be7 34. Rc1 Qa3 35. Qc8+ Kf7 36. Qf5+ Bf6 37. Rc7+ Kg8 38. Rc8+ Kf7 39. g4 Qh3 40. Rc7+ Kg8 41. Qg6 Qh4 42. h3 Kf8 43. Qf7# 1-0

[Event "Reykjavik op"]
[Site "Reykjavik"]
[Date "2024.03.16"]
[Round "2"]
[White "Mensing, Adrian"]
[Black "Wedenberg, Oliver"]
[Result "1-0"]
[WhiteElo "1980"]
[BlackElo "1780"]
[PlyCount "81"]
[EventDate "2024.03.15"]
[EventType "swiss"]
[EventRounds "9"]
[EventCountry "ISL"]
[SourceTitle "CBM 219 Extra"]
[Source "ChessBase"]
[SourceDate "2024.05.31"]
[SourceVersion "1"]
[SourceVersionDate "2024.05.31"]
[SourceQuality "1"]

1. d4 Nf6 2. c4 c5 3. d5 e6 4. Nc3 exd5 5. cxd5 d6 6. g3 g6 7. Bg2 Bg7 8. Nf3 0-0 9. 0-0 Re8 10. Bf4 h6 11. Qc1 g5 12. Be3 Bf5 13. h4 g4 14. Nd2 Rxe3 15. fxe3 Bg6 16. Nc4 Qe7 17. e4 Nh5 18. Kh2 Nd7 19. e3 b5 20. Nxb5 Be5 21. Nxe5 Qxe5 22. Rf4 Ndf6 23. Qc3 Qe7 24. Nxd6 Nxd5 25. exd5 Nxf4 26. exf4 Qxd6 27. Rc1 Re8 28. Re1 Re7 29. Re5 f6 30. Re3 Kf8 31. Re6 Rxe6 32. dxe6 Ke7 33. Qc4 Bf5 34. Bd5 Qb6 35. b3 Qb4 36. Qe2 Qd4 37. Bb7 Qd6 38. Bc8 Qd4 39. Bd7 Bxe6 40. Bc6 f5 41. Qe5 1-0

[Event "Uppsala op"]
[Site "Uppsala"]
[Date "2023.08.07"]
[Round "1"]
[White "Wedenberg, Oliver"]
[Black "Persson, Lars"]
[Result "1-0"]
[WhiteElo "1581"]
[BlackElo "1936"]
[PlyCount "132"]
[EventDate "2023.08.07"]
[EventType "swiss"]
[EventRounds "7"]
[EventCountry "SWE"]
[SourceTitle "CBM 215 Extra"]
[Source "ChessBase"]
[SourceDate "2023.09.30"]
[SourceVersion "1"]
[SourceVersionDate "2023.09.30"]
[SourceQuality "1"]

1. e4 d5 2. exd5 Nf6 3. Nf3 Bg4 4. d4 Nxd5 5. c4 Nb6 6. Be2 Nc6 7. Be3 Qd7 8. a4 Bxf3 9. Bxf3 Nxc4 10. Qb3 N4a5 11. Qc2 e6 12. 0-0 Nb4 13. Qe2 c6 14. Nc3 Be7 15. Rad1 0-0 16. Be4 f5 17. Bb1 Bf6 18. Na2 Nxa2 19. Bxa2 b5 20. Bd2 Nc4 21. Bxc4 bxc4 22. Qxc4 Qd5 23. Rc1 Bxd4 24. Qxc6 Bxb2 25. Qxd5 exd5 26. Rc5 Rad8 27. Rb1 Bd4 28. Rc7 Bb6 29. Rc6 Rb8 30. Re1 Rfe8 31. Rxe8+ Rxe8 32. Kf1 Rd8 33. a5 Bd4 34. Be3 Bxe3 35. fxe3 Rd7 36. Ke2 Kf7 37. Kd3 g5 38. Kd4 Re7 39. Ra6 Rd7 40. Ke5 f4 41. exf4 d4 42. Rf6+ Kg7 43. fxg5 d3 44. Rf1 d2 45. Rd1 Kg6 46. Kf4 Rd5 47. a6 Rf5+ 48. Ke3 Ra5 49. Rxd2 Rxa6 50. Rd5 Ra3+ 51. Kf4 Ra4+ 52. Kg3 Ra3+ 53. Kh4 Ra2 54. Rd6+ Kg7 55. Kh5 Rxg2 56. h4 a5 57. Ra6 Ra2 58. Ra7+ Kg8 59. Kh6 a4 60. Rxh7 Rh2 61. Kg6 a3 62. Ra7 Kf8 63. h5 a2 64. h6 Rb2 65. h7 Rh2 66. Rxa2 Ke8 1-0